| 000 | 01033nam a2200277 a 4500 | ||
|---|---|---|---|
| 005 | 20090710155110.0 | ||
| 008 | 081024s2009 nyu b 000 0 eng | ||
| 010 | _aENG-94370 | ||
| 020 |
_a0070147299 _c250.00 |
||
| 020 |
_a9780070147294 _c250.00 |
||
| 035 | _aEN-77903 | ||
| 037 | _bDBAD / PUB | ||
| 040 |
_adpl _bEnglish |
||
| 082 | _a646.76 | ||
| 100 | _aLowndes, Leil | ||
| 245 |
_aHow to instantly connect with anyone / _cby Leil Lowndes |
||
| 260 |
_aNew Delhi _bTata McGraw-Hill _c2009 |
||
| 270 |
_a7 West Patel Nagar _bNew Delhi _e110008 |
||
| 300 |
_axxii, 314p. _c21cm(pbk) |
||
| 500 | _a"96 all-new little tricks for big success in relationships"--Cover. | ||
| 504 | _aIncludes bibliographical references | ||
| 650 | _aSocial skills. | ||
| 650 | _aInterpersonal relations. | ||
| 942 |
_2ddc _cEN _h646.76 _mLOW |
||
| 999 |
_c28154 _d28154 |
||